000 01408nam a2200373 a 4500
001 ebr10651003
003 CaPaEBR
006 m u
007 cr cn|||||||||
008 100920s2011 ilu sb 001 0beng d
010 _z 2010040228
020 _z9780252036095 (hardcover alk. paper)
020 _z0252036093 (hardcover alk. paper)
020 _z9780252078002 (pbk. alk. paper)
020 _z0252078004 (pbk. alk. paper)
020 _z9780252093128 (e-book)
040 _aCaPaEBR
_cCaPaEBR
035 _a(OCoLC)724308262
043 _an-us---
050 1 4 _aML410.C3293
_bW54 2011eb
082 0 4 _a780.92
_aB
_222
100 1 _aWierzbicki, James Eugene.
245 1 0 _aElliott Carter
_h[electronic resource] /
_cJames Wierzbicki.
260 _aUrbana :
_bUniversity of Illinois Press,
_cc2011.
300 _a122 p.
440 0 _aAmerican composers
504 _aIncludes bibliographical references and index.
533 _aElectronic reproduction.
_bPalo Alto, Calif. :
_cebrary,
_d2013.
_nAvailable via World Wide Web.
_nAccess may be limited to ebrary affiliated libraries.
600 1 0 _aCarter, Elliott,
_d1908-2012.
650 0 _aComposers
_zUnited States
_vBiography.
655 7 _aElectronic books.
_2local
710 2 _aebrary, Inc.
856 4 0 _uhttp://site.ebrary.com/lib/rucke/Doc?id=10651003
_zAn electronic book accessible through the World Wide Web; click to view
999 _c173789
_d173789